000
003130000a22001450004500
003
MACL
040
_a
MACL
090
_c
6128
_d
6127
100
_a
Chaudhury, P.C. Roy
245
_a
Best Loved Folk Tales Of India
260
_b
Sterling Publishers
_c
1985
350
_a
150
650
_a
Fiction
942
_c
BOOK
_k
823
999
_c
6080
_d
6080